Quick Pick: French Actors Quiz Stats

 Plays Quiz Updated Nov 1, 2019

Score 0/12 Timer 01:30
13 Plays Today
% Correct
Audrey Tautou
78.1%
Gérard Depardieu
69.5%
Juliette Binoche
68.1%
Jean Reno
67.1%
Marion Cotillard
60.3%
Jean Dujardin
59%
Eva Green
55.9%
Julie Delpy
49.9%
Vincent Cassel
35.4%
Omar Sy
34.4%
Léa Seydoux
33.5%
Mathieu Amalric
29.5%

Today's Daily Dose

You're not logged in!

Compare scores with friends on all Sporcle quizzes.
OR
Log In

Sporcle TV

Today on Sporcle TV


Watch our educational content, quiz creation guides, and fun videos on Sporcle TV.

Show Comments

Extras

Top Quizzes Today


Score Distribution

Your Account Isn't Verified!

In order to create a playlist on Sporcle, you need to verify the email address you used during registration. Go to your Sporcle Settings to finish the process.

Report this User

Report this user for behavior that violates our Community Guidelines.

Details: